Classic TV Show Spinoffs Quiz Stats

Quiz Updated May 8, 2015

Challenge
Share
Tweet
Score 0/18 Timer 06:00
6 Plays Today
% Correct
Star Trek
98.3%
Happy Days
90.2%
Mork And Mindy
86%
Star Trek:
The Next Generation
82.9%
All In The Family
80%
The Mary Tyler Moore Show
79.2%
The Jeffersons
77.9%
Laverne And Shirley
77.5%
Joanie Loves Chachi
66%
% Correct
Star Trek: Deep Space Nine
65.4%
Maude
65.1%
Rhoda
64.3%
Star Trek: Voyager
60%
Good Times
58%
Lou Grant
46.7%
Star Trek: Enterprise
44.7%
Archie Bunker's Place
39.9%
Phyllis
32.3%

You're not logged in!

Compare scores with friends on all Sporcle quizzes.
Join for Free
OR
Log In

You Might Also Like...

Show Comments

Extras

Top Quizzes Today


Score Distribution

Your Account Isn't Verified!

In order to create a playlist on Sporcle, you need to verify the email address you used during registration. Go to your Sporcle Settings to finish the process.

Report this User

Report this user for behavior that violates our Community Guidelines.

Details: